| 000 | 00795nam a2200253Ia 4500 | ||
|---|---|---|---|
| 003 | GCL | ||
| 008 | 140319s9999 xx 000 0 ara d | ||
| 020 | _a620345977 | ||
| 040 |
_aGCL / _cGCL |
||
| 082 | 0 | 4 |
_a658.5421 _bا ا |
| 100 | 1 | _aالين ، م . ر | |
| 245 | 1 | 0 |
_aادارة الوقت / _cالين ، م . ر |
| 250 | _aالاولى | ||
| 260 |
_aالقاهرة : _bدار الفاروق للنشر والتوزيع ، _c2004 |
||
| 300 |
_a204 ص ؛ _c19 سم |
||
| 490 |
_aما قل ودل _v0 |
||
| 650 | 0 | 4 | _aادارة الانتاج |
| 650 | 0 | 4 | _aالرؤساء والمديرون |
| 650 | 0 | 4 | _aالاداء القياسى |
| 650 | 0 | 4 | _aتخطيط الانتاج |
| 650 | 0 | 4 | _aدراسة الوقت والحركة |
| 650 | 0 | 4 | _aادارة الوقت |
| 942 |
_2ddc _cBK |
||
| 999 |
_c7206 _d7206 |
||